Geology and the environment. (Record no. 1915)
[ view plain ]
| 000 -LEADER | |
|---|---|
| fixed length control field | 01067nac a22002891u 4500 |
| 010 ## - | |
| -- | 2003114799 |
| 020 ## - INTERNATIONAL STANDARD BOOK NUMBER | |
| International Standard Book Number | 0534490514 (student ed.) |
| 020 ## - INTERNATIONAL STANDARD BOOK NUMBER | |
| International Standard Book Number | 0534490581 (instructor's ed.) |
| 020 ## - INTERNATIONAL STANDARD BOOK NUMBER | |
| International Standard Book Number | 0534462669 (InfoTrac college ed. [and] Environmental GeologyNow passcode card) |
| 035 ## - SYSTEM CONTROL NUMBER | |
| System control number | (DLC) 2003114799 |
| 082 00 - DEWEY DECIMAL CLASSIFICATION NUMBER | |
| Classification number | 550 |
| Item number | P6657 |
| 090 ## - LOCALLY ASSIGNED LC-TYPE CALL NUMBER (OCLC); LOCAL CALL NUMBER (OCLC) | |
| -- | 1915 |
| -- | 1915 |
| 100 ## - MAIN ENTRY--PERSONAL NAME | |
| Personal name | Pipkin, Bernard W. |
| 245 10 - TITLE STATEMENT | |
| Title | Geology and the environment. |
| 250 ## - EDITION STATEMENT | |
| Edition statement | 4th ed. / |
| Remainder of edition statement | Bernard W. Pipkin, D.D. Trent, Richard Hazlett. |
| 260 ## - | |
| -- | Belmont, CA : |
| -- | Thomson Brooks/Cole, |
| -- | c2005. |
| 300 ## - PHYSICAL DESCRIPTION | |
| Extent | xvi, 473 p. : |
| Other physical details | ill. (some col.), col. maps ; |
| Dimensions | 28 cm. |
| 336 ## - CONTENT TYPE | |
| Source | rdacontent |
| Content type term | text |
| Content type code | txt |
| 337 ## - MEDIA TYPE | |
| Media type term | unmediated |
| Source | rdamedia |
| Media type code | n |
| 338 ## - CARRIER TYPE | |
| Carrier type term | volume |
| Carrier type code | nc |
| Source | rdacarrier |
| 500 ## - GENERAL NOTE | |
| General note | InfoTrac college ed. [and] Environmental Geology Now passcode card tipped in. |
| 504 ## - BIBLIOGRAPHY, ETC. NOTE | |
| Bibliography, etc | Includes bibliographical references and index. |
| 650 #0 - SUBJECT ADDED ENTRY--TOPICAL TERM | |
| Topical term or geographic name as entry element | Environmental geology. |
| 700 1# - ADDED ENTRY--PERSONAL NAME | |
| Personal name | Trent, D. D. |
| 700 1# - ADDED ENTRY--PERSONAL NAME | |
| Personal name | Hazlett, Richard W. |
| 942 ## - ADDED ENTRY ELEMENTS (KOHA) | |
| Koha item type | Book - Borrowing |
| Call number prefix | 550 |
| Classification part | RDA-MOD |
| Withdrawn status | Lost status | Damaged status | Not for loan | Home library | Current library | Shelving location | Date acquired | Source of acquisition | Total Checkouts | Full call number | Barcode | Date last seen | Cost, replacement price | Price effective from | Koha item type |
|---|---|---|---|---|---|---|---|---|---|---|---|---|---|---|---|
| Central Library | Central Library | First floor | 05/02/2007 | Purchase | 1 | 550 PIP | 000002338 | 15/07/2025 | 319.00 | 05/02/2007 | Book - Borrowing |